World health statistics annual 1996

Gespeichert in:
Bibliographische Detailangaben
Format: Buch
Sprache:Englisch
Französisch
Veröffentlicht: Geneve World Health Organization 1998
Schlagworte:
Tags: Tag hinzufügen
Keine Tags, Fügen Sie das erste Tag hinzu!

MARC

LEADER 00000nam a2200000 4500
001 c102694
005 20221221083951.0
020 |a 92-4-067960-X 
022 |a 0250-3794 
041 0 |a eng 
041 0 |a fre 
044 |a CH 
245 1 0 |a World health statistics annual 1996 
264 1 |a Geneve  |b World Health Organization  |c 1998 
300 |a [800 s.] 
610 2 0 |a údaje štatistické 
610 2 0 |a tabuľky štatistické 
610 2 0 |a zdravie 
610 2 0 |a zdravotníctvo 
610 2 0 |a regióny 
610 2 0 |a informácie 
610 2 0 |a úmrtnosť 
610 2 0 |a svet 
610 2 0 |a Afrika 
610 2 0 |a Ázia 
610 2 0 |a Tichomorie 
610 2 0 |a Amerika 
610 2 0 |a Európa 
610 2 0 |a 1996